000 00587cab a2200229 4500
001 X1279
008 090401t1994 xxu||||| |||| 00| 0 eng d
035 _a(Sirsi) u15966
041 _aeng
245 _aRICSIS issue writ over PI insurance
260 _c1994
350 _a0
490 _aProperty Week
_v46(9) 3 March 1994, 4(1)
650 _aINJUNCTION
650 _aPROFESSIONAL INDEMNITY INSURANCE
650 _aPROFESSIONAL INDEMNITY INSURANCE
650 _aRICS INSURANCE SERVICES
650 _aRICS
690 _aInsurance
_96249
942 _n0
948 _c04/03/1997
999 _c10507
_d10507